LEADER 00901nam2-22003251i-450- 001 990000188850403321 035 $a000018885 035 $aFED01000018885 035 $a(Aleph)000018885FED01 035 $a000018885 100 $a20011111d--------km-y0itay50------ba 101 0 $aita 105 $ay-------001yy 200 1 $a2. : XVI, 724 p. : ill. 210 $aBologna$cPatron$d1974- 215 $av.$d24 cm 461 0$1001000000592$12001$aFondamenti di campi elettromagnetici e circuiti 610 0 $aCampo elettromagnetico 610 0 $aCircuiti elettrici 676 $a537.12 700 1$aCorazza,$bGiancarlo$0331059 801 0$aIT$bUNINA$gRICA$2UNIMARC 901 $aBK 912 $a990000188850403321 952 $a13 C 03 05$b29861$fFINBC 952 $a13 F 65 15$b29862$fFINBC 959 $aFINBC 996 $a2. : XVI, 724 p. : ill$9122738 997 $aUNINA DB $aING01 LEADER 00971nam0-2200325---450- 001 990009079690403321 005 20100129114406.0 035 $a000907969 035 $aFED01000907969 035 $a(Aleph)000907969FED01 035 $a000907969 100 $a20090727d1976----km-y0itay50------ba 101 0 $aita 102 $aIT 105 $ay-------001yy 200 1 $a<>crisi musicale europea$fGiannotto Bastianelli$g"Invito alla lettura" di Gianandrea Gavazzeni 210 $aFirenze$cVallecchi$d1976 215 $aXXV, 202 p.$d18 cm 225 1 $aBiblioteca Vallecchi 610 0 $aMusica$aEstetica 676 $a781.17 700 1$aBastianelli,$bGiannotto$f<1883-1927>$0315884 702 1$aGavazzeni,$bGianandrea$f<1909-1996> 801 0$aIT$bUNINA$gRICA$2UNIMARC 901 $aBK 912 $a990009079690403321 952 $a781.17 BAS 1$b30388 Ist. Fil. Mod.$fFLFBC 959 $aFLFBC 996 $aCrisi musicale europea$9784773 997 $aUNINA LEADER 01050nam--2200373---450- 001 990003434160203316 005 20100831180925.0 010 $a978-88-8353-692-2 035 $a000343416 035 $aUSA01000343416 035 $a(ALEPH)000343416USA01 035 $a000343416 100 $a20100805d2009----km-y0itay50------ba 101 $aita 102 $aIT 105 $a||||||||001yy 200 1 $aRwanda$eetnografie del post-genocidio$fa cura di Michela Fusaschi 210 $aRoma$cMeltemi$dc2009 215 $a214 p.$d19 cm 225 2 $aMeltemi.edu$v121 410 0$12001$aMeltemi.edu 607 0 $aRuanda$z1994-2009$2BNCF 676 $a967.57104 702 1$aFUSASCHI,$bMichela 801 0$aIT$bsalbc$gISBD 912 $a990003434160203316 951 $aIII.2. 1403$b224194 LM$cIII.2.$d00281293 959 $aBK 969 $aUMA 979 $aSENATORE$b90$c20100805$lUSA01$h1103 979 $aSENATORE$b90$c20100805$lUSA01$h1105 979 $aANDRIA$b90$c20100831$lUSA01$h1809 996 $aRwanda$9225400 997 $aUNISA LEADER 01984nam 2200493 450 001 996214052403316 005 20230803194333.0 010 $a0-19-933080-8 035 $a(CKB)2560000000154663 035 $a(SSID)ssj0001194839 035 $a(PQKBManifestationID)11677486 035 $a(PQKBTitleCode)TC0001194839 035 $a(PQKBWorkID)11155846 035 $a(PQKB)11533060 035 $a(StDuBDS)EDZ0000210008 035 $a(MiAaPQ)EBC6121896 035 $a(EXLCZ)992560000000154663 100 $a20200407d2014 uy 0 101 0 $aeng 135 $aur||||||||||| 181 $ctxt 182 $cc 183 $acr 200 10$aNomadism in Iran $efrom antiquity to the modern era /$fD. T. Potts 210 1$aNew York, New York :$cOxford University Press,$d[2014] 210 4$dİ2014 215 $a1 online resource $cillustrations (black and white), maps (black and white) 300 $aBibliographic Level Mode of Issuance: Monograph 311 $a0-19-936684-5 311 $a0-19-933079-4 320 $aIncludes bibliographical references and index. 330 8 $aPotts examines the development of nomadism in Iran over the course of three millennia. Evidence of nomadism in prehistory is examined and found insufficient to justify claims of its great antiquity. The background of the earliest nomadic groups, identified as Persian tribes by Herodotus, is examined within the context of the migration of Iranian speakers onto the Iranian plateau in the late second or early first millennium B.C. Thereafter, evidence of nomadic groups in Late Antiquity and early Islamic times is reviewed. 606 $aNomads$zIran$xHistory 607 $aIran$xAntiquities 615 0$aNomads$xHistory. 676 $a305.9069180955 700 $aPotts$b Daniel T.$0639666 801 0$bMiAaPQ 801 1$bMiAaPQ 801 2$bMiAaPQ 906 $aBOOK 912 $a996214052403316 996 $aNomadism in Iran$92403204 997 $aUNISA